| 000 | 00484nam a22001817a 4500 | ||
|---|---|---|---|
| 005 | 20221108163651.0 | ||
| 008 | 221108b ||||| |||| 00| 0 eng d | ||
| 040 | _cAL | ||
| 041 | _aEnglish | ||
| 082 |
_223 _a347.014092 _bSINU |
||
| 100 |
_aC S P SINGH _961427 |
||
| 245 | _aUndying Flame | ||
| 260 |
_aAllahabad _bShri Nageshwar Prasad Pandey _c1982 |
||
| 300 |
_a152 p. _bHB _c24.5x18 cm. |
||
| 650 |
_aUndying Flame _961428 |
||
| 700 |
_aSINGH (C S P) _961429 |
||
| 942 |
_2ddc _cGF |
||
| 999 |
_c225077 _d225077 |
||